Sinh học và kỹ thuật nuôi một số loài cá cá nước ngọt ở vùng Đồng Bằng Sông Cửu Long

Nội dung sách giới thiệu tổng quát về nghề chăn nuôi thủy sản nước ngọt, đặc điểm sinh học của một số loài cá nước ngọt có giá trị thương phẩm như: cá tra, ba sa, rô đồng, lóc đen, sặc rằn, cá trê, thát lát, bống tượng, mè vinh, cá ch...

詳細記述

保存先:
書誌詳細
フォーマット: 図書
言語:Undetermined
出版事項: Hà Nội Lao động 2017
主題:
タグ: タグ追加
タグなし, このレコードへの初めてのタグを付けませんか!
Thư viện lưu trữ: Trung tâm Học liệu Trường Đại học Cần Thơ
LEADER 01173nam a2200181Ia 4500
001 CTU_229968
008 210402s9999 xx 000 0 und d
082 |a 639.31 
082 |b S312 
245 0 |a Sinh học và kỹ thuật nuôi một số loài cá cá nước ngọt ở vùng Đồng Bằng Sông Cửu Long 
245 0 |c Dương Nhựt Long, Lam Mỹ Lan, Nguyễn Anh Tuấn (biên soạn) 
260 |a Hà Nội 
260 |b Lao động 
260 |c 2017 
520 |a Nội dung sách giới thiệu tổng quát về nghề chăn nuôi thủy sản nước ngọt, đặc điểm sinh học của một số loài cá nước ngọt có giá trị thương phẩm như: cá tra, ba sa, rô đồng, lóc đen, sặc rằn, cá trê, thát lát, bống tượng, mè vinh, cá chép, rô phi, tai tượng, mè trắng, cá trôi Ấn Độ, cá hường. 
650 |a Aquaculture,Nuôi trồng thuỷ sản,Freshwater fishes,Nuôi cá nước ngọt 
910 |a Tuyến 
980 |a Trung tâm Học liệu Trường Đại học Cần Thơ